原とかいて"はる"もしくは"ばる"と読む駅 - Statistics

General Stats
  • This quiz has been taken 71 times
  • The average score is 6 of 18
Answer Stats
都道府県 駅名 % Correct
福岡県 原田
77%
福岡県 新田原
57%
福岡県 春日原
48%
福岡県 筑前前原
48%
福岡県 長者原
43%
福岡県 白木原
40%
福岡県 陣原
37%
熊本県 田原坂
37%
福岡県 笹原
35%
福岡県 原町
33%
宮崎県 高原
30%
佐賀県 中原
30%
福岡県 新原
27%
福岡県 九郎原
20%
福岡県 唐の原
15%
宮崎県 餅原
15%
大分県 向之原
13%
福岡県 油須原
12%
No matching quizzes found
Score Distribution
Percent of People with Each Score
Percentile by Number Answered
Your Score History
You have not taken this quiz